African Countries by Borders Quiz Stats

 Plays Quiz Updated Jul 2, 2018

Challenge
Share
Tweet
Embed
Score 0/54 Timer 13:00
4 Plays Today
% Correct
Madagascar
74.5%
Cabo Verde
70.9%
Egypt
69.8%
Seychelles
69.6%
Comoros
69.4%
São Tomé and Príncipe
68.7%
Tunisia
67.4%
Mauritius
67.3%
Morocco
67.2%
Lesotho
66.2%
South Africa
66%
Djibouti
65.5%
Ethiopia
64.5%
Libya
63.1%
Algeria
62.8%
The Gambia
62.2%
eSwatini
61.9%
Eritrea
61.3%
Botswana
61.1%
Sudan
60.9%
Democratic Republic of the Congo
60.3%
Zimbabwe
59.8%
Equatorial Guinea
59.6%
Somalia
59.4%
Senegal
59.2%
Rwanda
58.9%
Mozambique
58.3%
% Correct
Togo
58.3%
Kenya
57.9%
Namibia
56.7%
Gabon
56.5%
Angola
56%
Central African Republic
55.4%
Benin
55.1%
Guinea-Bissau
55%
Niger
54.7%
Mauritania
54.5%
Nigeria
54.4%
Burundi
54%
Mali
53.8%
Chad
53.7%
Republic of the Congo
53.2%
Zambia
52.4%
Malawi
52.3%
Liberia
52.3%
Burkina Faso
51.4%
Uganda
51.1%
South Sudan
51%
Cameroon
50.8%
Sierra Leone
50.4%
Tanzania
50.2%
Ghana
49.7%
Côte d'Ivoire
46.1%
Guinea
46%

You're not logged in!

Compare scores with friends on all Sporcle quizzes.
OR
Log In

You Might Also Like...

Show Comments

Extras

Top Quizzes Today


Score Distribution

Your Account Isn't Verified!

In order to create a playlist on Sporcle, you need to verify the email address you used during registration. Go to your Sporcle Settings to finish the process.

Report this User

Report this user for behavior that violates our Community Guidelines.

Details: